000 00803nam a2200241 c 4500
005 20200914144455.0
008 200914s2015 maua|||gr|||| 00| 0 eng d
020 _a9781292087801
040 _aCO-BoUCM
_bspa
_cDeissy Garcia
_dDeissy Garcia
041 0 _aeng
100 1 _aAguado, Edward
_9100965
245 1 0 _aUnderstanding weather and climate
_cEdward Aguado, James E. Burt
250 _a7a.Ed.
260 _bPearson
_aBoston
_c2015
300 _a xxx, 570 páginas
_bilustraciones
504 _aIncluye referencias bibliográficas e índices
650 7 _911034
_aClimatología
650 7 _919412
_aMeteorología
650 0 _9100899
_aFísica atmosférica
700 1 _9100966
_aBurt, James E.
942 _cLIBRO
_n0
_2DEWEY
_a25
_e7
_h551.5
_mA282u
999 _c317690
_d317690